000 00582nam a2200229Ia 4500
003 OSt
005 20221005122516.0
006 a|||||r|||| 00| 0
007 ta
008 221004b |||||||| |||| 00| 0 tam d
024 _a49447
037 _cTextual
040 _aCRL
_cCRL
_btam
041 _2tam
_atam
082 _aO31,3M821x, K4
100 _aSubramaniyabharathi Au.
_9632111
245 0 _aKadhaikolthu
260 _c1964
650 _aTAMIL FICTION
942 _hO31,3M821x, K4
_cTEXL
_2cc
999 _c1044512
_d1044512